[Event "Liga CS Jug 2017"]
[Site "Vlasotince"]
[Date "2017.10.13"]
[Round "7.6"]
[White "PETKOVIC, Dragoslav"]
[Black "PETROVIC, Dragan R"]
[Result "0-1"]
[WhiteElo "2240"]
[BlackElo "2262"]
[PlyCount "79"]
[EventDate "2017.09.03"]

1. e4 d6 2. d4 Nf6 3. Nd2 g6 4. Ngf3 Bg7 5. Be2 O-O 6. O-O c5 7. dxc5 dxc5 8.
c3 Nc6 9. Qc2 Qc7 10. a4 b6 11. Re1 Bb7 12. Bf1 Rad8 13. Nc4 Rd7 14. g3 e5 15.
Bh3 Re7 16. Bg5 h6 17. Bxf6 Bxf6 18. Ne3 Nd8 19. Nd2 Bg7 20. Ndc4 Bc6 21. Nd5
Bxd5 22. exd5 Nb7 23. Bg2 f5 24. Qb3 Nd6 25. a5 Rb8 26. axb6 axb6 27. Ra6 Nxc4
28. Qxc4 Kh8 29. h4 h5 30. Rea1 e4 31. Ra7 Qd6 32. Rxe7 Qxe7 33. Re1 b5 34. Qa2
c4 35. Qa6 Qc5 36. Qe6 Rb6 37. Qf7 Rf6 38. Qb7 Rd6 39. Rd1 Kh7 40. Qxg7+ {
... 48mov} 0-1

[Event "Liga CS Jug 2017"]
[Site "Vlasotince"]
[Date "2017.10.13"]
[Round "7.6"]
[White "RANDJELOVIC, Goran"]
[Black "ANDREJEVIC, Miodrag"]
[Result "1-0"]
[WhiteElo "1809"]
[BlackElo "1863"]
[PlyCount "36"]
[EventDate "2017.09.03"]

1. e4 c5 2. f4 e6 3. Nf3 Nc6 4. c3 d5 5. e5 c4 6. d3 cxd3 7. Bxd3 Bc5 8. h3 a6
9. Qe2 Nge7 10. Be3 Qb6 11. Bxc5 Qxc5 12. Nbd2 b5 13. Nb3 Qb6 14. Nfd4 Bd7 15.
O-O Na5 16. Kh2 Rc8 17. a3 h5 18. Nf5 g6 {.....42mov.} 1-0

[Event "Liga CS Jug 2017"]
[Site "Vlasotince"]
[Date "2017.10.13"]
[Round "7.6"]
[White "RANDJELOVIC, Nenad   *"]
[Black "DINIC, Andjela   ***"]
[Result "1-0"]
[WhiteElo "1708"]
[BlackElo "1602"]
[PlyCount "82"]
[EventDate "2017.09.03"]

1. e4 d5 2. e5 c5 3. f4 e6 4. d4 Nc6 5. c3 Qb6 6. Nf3 Bd7 7. a3 Rc8 8. Be2 Be7
9. O-O cxd4 10. cxd4 Na5 11. Nbd2 Bb5 12. b4 Nc6 13. Nb3 Bxe2 14. Qxe2 a6 15.
Be3 Nh6 16. Kh1 Nf5 17. Bg1 O-O 18. Nc5 Bxc5 19. dxc5 Qc7 20. g4 Nfe7 21. Qd3
Qd7 22. Ng5 g6 23. Qh3 h5 24. gxh5 Kg7 25. h6+ Kg8 26. Rad1 Nf5 27. Ne4 Kh8 28.
Bf2 Qe7 29. Nf6 Nb8 30. Ng4 Nd7 31. Ne3 Nxe3 32. Bxe3 Kh7 33. Bd4 Rg8 34. Rg1
Rcf8 35. Rg4 Qe8 36. Rg3 a5 37. Rc3 axb4 38. axb4 Qe7 39. Ra1 Ra8 40. Rca3 Rxa3
41. Rxa3 Rb8 {....61mov.} 1-0

[Event "Liga CS Jug 2017"]
[Site "Vlasotince"]
[Date "2017.10.13"]
[Round "7.6"]
[White "SINADINOVIC, Ilija   *"]
[Black "RANDJELOVIC, Ilija   *"]
[Result "1/2-1/2"]
[WhiteElo "1896"]
[BlackElo "1793"]
[PlyCount "59"]
[EventDate "2017.09.03"]

1. c4 Nf6 2. Nc3 e6 3. e4 c5 4. d3 Nc6 5. g3 Be7 6. Bg2 O-O 7. Nge2 Ne8 8. O-O
f5 9. f4 Rb8 10. Be3 a6 11. a4 b6 12. Kh1 Bb7 13. Qd2 Nf6 14. h3 d6 15. Rae1
Qe8 16. exf5 exf5 17. Nd5 Nxd5 18. Bxd5+ Kh8 19. Nc3 Qh5 20. Qg2 Nd8 21. Bxc5
bxc5 22. Rxe7 Bxd5 23. Nxd5 Nc6 24. Re3 Nd4 25. Kh2 Rb3 26. a5 Nc6 27. Nc3 Nb4
28. Rf2 Rb8 29. Na4 Qe8 30. Qf1 {....56mov.} 1/2-1/2

[Event "Liga CS Jug 2017"]
[Site "Vlasotince"]
[Date "2017.10.13"]
[Round "7.6"]
[White "STAMENKOVIC, Lazar   ***"]
[Black "NIKOLIC, Vladimir I   ***"]
[Result "0-1"]
[WhiteElo "1900"]
[BlackElo "2075"]
[PlyCount "51"]
[EventDate "2017.09.03"]

1. e4 e5 2. Nf3 Nc6 3. d4 exd4 4. Nxd4 Nf6 5. Nc3 Bb4 6. Nxc6 bxc6 7. Bg5 h6 8.
Bh4 g5 9. Bg3 Qe7 10. Be2 Nxe4 11. O-O Bxc3 12. Bd3 Ba5 13. Bxe4 Qxe4 14. Bxc7
Ba6 15. Bxa5 Bxf1 16. Kxf1 O-O 17. Bc3 d5 18. Bd4 c5 19. Bf6 Qf4 20. Be7 Rfe8
21. Qxd5 Qxh2 22. g3 Rab8 23. Bxc5 Rxb2 24. c4 Rc2 25. Bb6 Rxc4 26. Qg2 0-1

[Event "Liga CS Jug 2017"]
[Site "Vlasotince"]
[Date "2017.10.13"]
[Round "7.6"]
[White "STOJILJKOVIC, Zivojin"]
[Black "RANDJELOVIC, Ivica"]
[Result "0-1"]
[WhiteElo "1948"]
[BlackElo "1875"]
[PlyCount "72"]
[EventDate "2017.09.03"]

1. e4 c5 2. Nc3 Nc6 3. Nf3 e5 4. d4 cxd4 5. Nxd4 Qc7 6. Be2 a6 7. Be3 Nf6 8. f4
Bb4 9. Bf3 O-O 10. O-O d6 11. Nde2 Bd7 12. a3 Ba5 13. Kh1 Ne7 14. Bf2 Rfd8 15.
Bh4 Bc6 16. Qd3 d5 17. fxe5 Nxe4 18. Rad1 b5 19. Bxe4 dxe4 20. Qh3 Rxd1 21.
Nxd1 Bb6 22. Nf2 Nf5 23. Ng4 Nxh4 24. Qxh4 Qd8 25. Qh3 Qe7 26. Ng3 Bd8 27. Nh5
Qf8 28. Qg3 Kh8 29. Ne3 f5 30. exf6 Bxf6 31. Rf5 Bd7 32. Qc7 Qd8 33. Qd6 Qe7
34. Qf4 Bxb2 35. Qxe4 Rf8 36. Rf6 Bxf6 0-1

[Event "Liga CS Jug 2017"]
[Site "Vlasotince"]
[Date "2017.10.13"]
[Round "7.6"]
[White "SUSULIC, Zivan"]
[Black "MAJSTOROVIC, Dusan"]
[Result "1-0"]
[WhiteElo "2088"]
[BlackElo "1980"]
[PlyCount "83"]
[EventDate "2017.09.03"]

1. e4 e5 2. Nf3 Nc6 3. Bb5 a6 4. Ba4 Nf6 5. O-O b5 6. Bb3 Be7 7. d4 d5 8. c3
Bg4 9. exd5 Nb8 10. Re1 Nbd7 11. h3 Bh5 12. Nbd2 h6 13. Nf1 Nh7 14. g4 Bg6 15.
Ng3 Ng5 16. Kg2 Nxf3 17. Qxf3 Bg5 18. Bxg5 Qxg5 19. Qe3 Qh4 20. Bd1 Nf6 21. f3
Qg5 22. Qxg5 hxg5 23. b4 Kd7 24. Be2 c6 25. dxc6+ Kxc6 26. c4 Rhc8 27. Red1 Ne8
28. Nf1 f5 29. a4 bxa4 30. Rxa4 Bf7 31. Ne3 Be6 32. Rda1 Kb6 33. Rxa6+ Rxa6 34.
c5+ Kc7 35. Rxa6 Rb8 36. b5 Bc8 37. Ra7+ Rb7 38. Nd5+ Kb8 39. Rxb7+ Kxb7 40.
c6+ Kb8 41. b6 Be6 42. Ba6 1-0

[Event "Liga CS Jug 2017"]
[Site "Vlasotince"]
[Date "2017.10.13"]
[Round "8.1"]
[White "CIHACEV, Bojan"]
[Black "PERUNOVIC, Ljubivoje"]
[Result "1-0"]
[WhiteElo "2157"]
[BlackElo "1841"]
[PlyCount "69"]
[EventDate "2017.09.03"]

1. e4 g6 2. d4 Bg7 3. Nf3 c5 4. c3 b6 5. Be3 cxd4 6. Bxd4 Nf6 7. Nbd2 d6 8.
Bb5+ Bd7 9. Bxd7+ Nbxd7 10. O-O O-O 11. Re1 Qc7 12. e5 dxe5 13. Nxe5 Nxe5 14.
Bxe5 Qd7 15. Nf3 Rad8 16. Qb3 Qc6 17. Nd4 Qc5 18. Qa4 Rd5 19. b4 Qxc3 20. Nc6
Rxe5 21. Nxe5 Nd5 22. Nc6 e6 23. Rac1 Qd2 24. Qc2 Bc3 25. Red1 Qxc2 26. Rxc2
Bf6 27. Rd3 Kg7 28. Ra3 Rc8 29. b5 Rc7 30. Rxa7 Rxa7 31. Nxa7 Bd4 32. Nc6 Bc5
33. a4 Nb4 34. Rxc5 bxc5 35. Nxb4 1-0

[Event "Liga CS Jug 2017"]
[Site "Vlasotince"]
[Date "2017.10.13"]
[Round "8.1"]
[White "MITROVIC, Darko R"]
[Black "RANKOVIC, Srdjan"]
[Result "0-1"]
[WhiteElo "2189"]
[BlackElo "2238"]
[PlyCount "29"]
[EventDate "2017.09.03"]

1. e4 c5 2. Nf3 e6 3. d4 cxd4 4. Nxd4 Nf6 5. Bd3 Nc6 6. Nxc6 bxc6 7. c4 d5 8.
cxd5 cxd5 9. exd5 Qxd5 10. O-O Bb7 11. f3 Rd8 12. Qa4+ Bc6 13. Qc2 Bc5+ 14. Rf2
Ng4 15. fxg4 0-1

[Event "Liga CS Jug 2017"]
[Site "Vlasotince"]
[Date "2017.10.13"]
[Round "8.1"]
[White "NISIC, Miroslav"]
[Black "STEVANOVIC, Jovan   ***"]
[Result "1-0"]
[WhiteElo "2024"]
[BlackElo "1658"]
[PlyCount "59"]
[EventDate "2017.09.03"]

1. d4 Nf6 2. Nf3 e6 3. g3 c5 4. Bg2 Nc6 5. O-O Be7 6. a3 cxd4 7. Nxd4 O-O 8. e4
d6 9. Nc3 a6 10. Nxc6 bxc6 11. e5 Nd5 12. exd6 Bxd6 13. Ne4 Bc7 14. c4 Ne7 15.
Qc2 Bb7 16. Nc5 Qb8 17. Nd7 Qa7 18. Be3 Qxe3 19. fxe3 Rfd8 20. Nc5 Rab8 21.
Rad1 Rd6 22. Rxd6 Bxd6 23. Nxb7 Rxb7 24. Rd1 Bc7 25. Rd7 Kf8 26. Qd3 Ke8 27. b4
Ra7 28. Qd4 Bb6 29. Rxe7+ Kxe7 30. Qxb6 1-0

[Event "Liga CS Jug 2017"]
[Site "Vlasotince"]
[Date "2017.10.13"]
[Round "8.1"]
[White "RANCIC, Djordje"]
[Black "STEFANOVIC, Dejan"]
[Result "0-1"]
[WhiteElo "1886"]
[BlackElo "2018"]
[PlyCount "86"]
[EventDate "2017.09.03"]

1. d4 c6 2. Nf3 d5 3. c3 Nf6 4. Bg5 Bf5 5. Nbd2 e6 6. e3 Bd6 7. Be2 O-O 8. Ne5
Qc7 9. g4 Bg6 10. h4 h6 11. Bf4 Bxe5 12. Bxe5 Qb6 13. g5 hxg5 14. h5 Bf5 15. h6
Nbd7 16. Bd6 Rfe8 17. Qc1 gxh6 18. e4 dxe4 19. Rxh6 Kg7 20. Nc4 Kxh6 21. Nxb6
axb6 22. a3 b5 23. Qd2 Nd5 24. O-O-O Rh8 25. Rg1 f6 26. Bd1 N7b6 27. Bb3 Nc4
28. Bxc4 bxc4 29. Qe2 b5 30. f4 exf3 31. Qxf3 Kg6 32. Rh1 Kg7 33. Rg1 Rh3 34.
Qg2 Rah8 35. Be5 Kf7 36. Bxf6 Nxf6 37. Qxc6 g4 38. Qxb5 Rh2 39. Qxc4 Rc2+ 40.
Kd1 Rhh2 41. Qc7+ Kg6 42. Qf4 Rxb2 43. Qxh2 Rxh2 0-1

[Event "Liga CS Jug 2017"]
[Site "Vlasotince"]
[Date "2017.10.13"]
[Round "8.2"]
[White "DJOKOVIC, Nenad"]
[Black "JOVANOVIC, Dragan"]
[Result "1/2-1/2"]
[WhiteElo "1985"]
[BlackElo "2071"]
[PlyCount "31"]
[EventDate "2017.09.03"]

1. d4 d5 2. c4 e6 3. Nc3 c6 4. cxd5 exd5 5. Bf4 Nf6 6. Nf3 Bd6 7. Bxd6 Qxd6 8.
e3 Bg4 9. Be2 Nbd7 10. h3 Bh5 11. O-O O-O 12. Rc1 h6 13. Nd2 Bg6 14. Re1 Rfe8
15. Nf1 Rac8 16. Ng3 1/2-1/2

[Event "Liga CS Jug 2017"]
[Site "Vlasotince"]
[Date "2017.10.13"]
[Round "8.2"]
[White "KOSTIC, Milos   *"]
[Black "STANKOVIC, Dimitrije   ***"]
[Result "1/2-1/2"]
[WhiteElo "1657"]
[BlackElo "1904"]
[PlyCount "20"]
[EventDate "2017.09.03"]

1. d4 Nf6 2. c4 g6 3. Nc3 Bg7 4. e4 d6 5. Bd3 e5 6. d5 O-O 7. Nge2 Nbd7 8. O-O
Nc5 9. f4 Nxd3 10. Qxd3 Nd7 1/2-1/2

[Event "Liga CS Jug 2017"]
[Site "Vlasotince"]
[Date "2017.10.13"]
[Round "8.3"]
[White "ARITONOVIC, Nenad"]
[Black "STANKOV, Dejan"]
[Result "0-1"]
[WhiteElo "1651"]
[BlackElo "1820"]
[PlyCount "102"]
[EventDate "2017.09.03"]

1. f4 d5 2. Nf3 Nf6 3. e3 Bg4 4. b3 g6 5. Bb2 Bg7 6. c4 e6 7. Be2 Bxf3 8. Bxf3
O-O 9. O-O c6 10. Na3 Nbd7 11. d3 Ne8 12. Bxg7 Nxg7 13. d4 f5 14. Qc2 Nf6 15.
Qe2 Qa5 16. Nc2 Nge8 17. b4 Qd8 18. c5 Ne4 19. Bxe4 fxe4 20. Kh1 Qh4 21. g4 Ng7
22. Rg1 Kf7 23. a4 h5 24. g5 Qh3 25. Rg3 Qf5 26. h4 Kg8 27. b5 Qf7 28. Nb4 Nf5
29. Rh3 Ne7 30. Rg3 Rfb8 31. Kh2 Nf5 32. Rh3 Qd7 33. Kg2 a5 34. Na2 Kf8 35. Nc3
Ke8 36. Rhh1 Kd8 37. Kh3 e5 38. Kg2 exd4 39. exd4 Nxd4 40. Qd1 Nf5 41. Qe2 Qe6
42. Rad1 Ke7 43. Qf2 Rd8 44. Ne2 Kf7 45. Nd4 Nxd4 46. Rxd4 cxb5 47. axb5 a4 48.
Rh3 a3 49. Rd2 d4 50. Rxd4 a2 51. Rxd8 Rxd8 0-1

[Event "Liga CS Jug 2017"]
[Site "Vlasotince"]
[Date "2017.10.13"]
[Round "8.3"]
[White "SAVIC, Ivan"]
[Black "ADEMI, Sead"]
[Result "0-1"]
[WhiteElo "1927"]
[BlackElo "2169"]
[PlyCount "46"]
[EventDate "2017.09.03"]

1. e4 c6 2. d4 d5 3. e5 Bf5 4. Nf3 e6 5. Be2 c5 6. Be3 c4 7. b3 cxb3 8. axb3
Nc6 9. Bb5 Qb6 10. c4 Bxb1 11. Rxb1 Bb4+ 12. Bd2 Bxd2+ 13. Qxd2 Nge7 14. O-O
O-O 15. Bxc6 bxc6 16. c5 Qb5 17. b4 Rfb8 18. h4 h6 19. g4 a5 20. bxa5 Qxb1 21.
Rxb1 Rxb1+ 22. Kg2 Rb5 23. h5 Raxa5 0-1

[Event "Liga CS Jug 2017"]
[Site "Vlasotince"]
[Date "2017.10.13"]
[Round "8.3"]
[White "SAVIC, Miodrag"]
[Black "KOSTIC, Nenad"]
[Result "1/2-1/2"]
[WhiteElo "2194"]
[BlackElo "2133"]
[PlyCount "58"]
[EventDate "2017.09.03"]

1. d4 d5 2. c4 e6 3. Nc3 Nf6 4. Nf3 Be7 5. Bg5 Nbd7 6. cxd5 exd5 7. e3 c6 8.
Be2 h6 9. Bh4 O-O 10. O-O b5 11. Bxf6 Bxf6 12. a4 b4 13. Na2 a5 14. Nc1 c5 15.
dxc5 Nxc5 16. Nd4 Ba6 17. Bxa6 Rxa6 18. Ncb3 Nxb3 19. Qxb3 Bxd4 20. exd4 Rc6
21. Rac1 Qd6 22. g3 Rfc8 23. Rxc6 Qxc6 24. Re1 Qc4 25. Qxc4 Rxc4 26. Re8+ Kh7
27. Ra8 Rxd4 28. Rxa5 Rd2 29. b3 Rd3 1/2-1/2

[Event "Liga CS Jug 2017"]
[Site "Vlasotince"]
[Date "2017.10.13"]
[Round "8.3"]
[White "TERZIC, Miomir"]
[Black "VUCETIC, Mirko"]
[Result "1/2-1/2"]
[WhiteElo "2199"]
[BlackElo "2045"]
[PlyCount "101"]
[EventDate "2017.09.03"]

1. d4 d5 2. Bg5 Bf5 3. e3 Nd7 4. c4 c6 5. cxd5 cxd5 6. Qb3 Qb6 7. Nc3 e6 8. Bb5
Ne7 9. Bxe7 Bxe7 10. Nf3 f6 11. O-O Rd8 12. Qa4 a6 13. Bxd7+ Rxd7 14. Nh4 Bg4
15. h3 Bh5 16. Qc2 O-O 17. Na4 Qb5 18. Nc3 Rc7 19. Qd2 Qb4 20. Nf3 Rfc8 21.
Rfc1 Rc4 22. Ne1 Bg6 23. Nf3 Bd6 24. Qe2 Bh5 25. Re1 f5 26. Qd2 Bxf3 27. gxf3
Qb6 28. a3 Be7 29. f4 Qb3 30. Kg2 b5 31. Qe2 Bf6 32. Rab1 a5 33. Qd1 Qxd1 34.
Rexd1 Rb8 35. Rdc1 Be7 36. Nd1 Rbc8 37. Rxc4 Rxc4 38. Nc3 b4 39. axb4 axb4 40.
Nd1 Kf7 41. Kf1 Ke8 42. Ra1 Kd7 43. Ra7+ Rc7 44. Ra8 Rc8 45. Rxc8 Kxc8 46. b3
Kd7 47. Nb2 g5 48. fxg5 Bxg5 49. Nd3 Be7 50. Kg2 Bd6 51. Kf3 1/2-1/2

[Event "Liga CS Jug 2017"]
[Site "Vlasotince"]
[Date "2017.10.13"]
[Round "8.3"]
[White "VIDANOVIC, Ljubisa"]
[Black "CVETKOVIC, Darko   *"]
[Result "1-0"]
[WhiteElo "1801"]
[BlackElo "1676"]
[PlyCount "85"]
[EventDate "2017.09.03"]

1. d4 d5 2. c4 e6 3. Nc3 Bb4 4. e3 Nf6 5. cxd5 exd5 6. Bd3 O-O 7. Nge2 Nc6 8.
O-O Bg4 9. f3 Be6 10. Nf4 Qd7 11. Qc2 Rfe8 12. a3 Ba5 13. Na4 Bb6 14. Nc5 Bxc5
15. Qxc5 a6 16. Bd2 Ne7 17. Nxe6 fxe6 18. Rfe1 Qc6 19. Rac1 Qxc5 20. Rxc5 c6
21. Rb1 Nf5 22. Rc3 Nd6 23. a4 Rec8 24. Rbc1 Rc7 25. R3c2 Rd7 26. Bb4 Nf7 27.
Bc5 e5 28. Bf5 Rdd8 29. dxe5 Nxe5 30. Bd4 Ned7 31. g4 g6 32. Be6+ Kf8 33. g5
Nh5 34. Bg4 Ng7 35. e4 dxe4 36. fxe4 Kg8 37. Rf1 Nf6 38. Bxf6 Rd3 39. Be2 Re3
40. Bc4+ Kh8 41. Rcf2 Rxe4 42. Bxg7+ Kxg7 43. Rf7+ 1-0

[Event "Liga CS Jug 2017"]
[Site "Vlasotince"]
[Date "2017.10.13"]
[Round "8.4"]
[White "DJORDJEVIC, Miroslav"]
[Black "KRSTIC, Mihajlo   ***"]
[Result "1-0"]
[WhiteElo "1976"]
[BlackElo "1627"]
[PlyCount "23"]
[EventDate "2017.09.03"]

1. e4 e5 2. Nf3 Nc6 3. Bc4 b6 4. d4 d6 5. dxe5 dxe5 6. Qxd8+ Nxd8 7. Nxe5 Nb7
8. Bxf7+ Kd8 9. Bd5 Bc5 10. Nf7+ Ke7 11. Bg5+ Nf6 12. Nxh8 1-0

[Event "Liga CS Jug 2017"]
[Site "Vlasotince"]
[Date "2017.10.13"]
[Round "8.4"]
[White "JOVANOVIC, Dragan N"]
[Black "BANJOVIC, Sasa"]
[Result "1/2-1/2"]
[WhiteElo "1898"]
[BlackElo "2170"]
[PlyCount "24"]
[EventDate "2017.09.03"]

1. e4 e6 2. d4 d5 3. exd5 exd5 4. Bd3 Nc6 5. Nf3 Bg4 6. c3 Bd6 7. O-O Nge7 8.
Bg5 Qd7 9. Nbd2 f6 10. Bh4 O-O-O 11. Bg3 g5 12. Qc2 Bf5 1/2-1/2

[Event "Liga CS Jug 2017"]
[Site "Vlasotince"]
[Date "2017.10.13"]
[Round "8.5"]
[White "MAJSTOROVIC, Dusan"]
[Black "JOVANOVIC, Dragoslav"]
[Result "1-0"]
[WhiteElo "1980"]
[BlackElo "1995"]
[PlyCount "87"]
[EventDate "2017.09.03"]

1. e4 c5 2. Nc3 Nc6 3. g3 g6 4. Bg2 Bg7 5. d3 d6 6. Be3 Nf6 7. h3 Qb6 8. Rb1
Nd4 9. Nf3 Nxf3+ 10. Bxf3 Bd7 11. Qd2 O-O 12. Bh6 Bc6 13. h4 Bd7 14. h5 Bg4 15.
Bxg4 Nxg4 16. Bxg7 Kxg7 17. Nd5 Qd8 18. f3 Ne5 19. Ke2 e6 20. hxg6 exd5 21.
Qh6+ Kf6 22. g7+ Ng6 23. gxf8=Q Qxf8 24. Qxf8 Rxf8 25. exd5 b5 26. Rxh7 b4 27.
Rbh1 Re8+ 28. Kf2 a5 29. f4 a4 30. R1h6 Rg8 31. Kf3 Ke7 32. g4 Nf8 33. Rh8 Rg7
34. g5 Nd7 35. R8h7 Rg8 36. Re6+ Kf8 37. Rxd6 Ke7 38. Rxd7+ Kxd7 39. Rxf7+ Kd6
40. Rf5 Rc8 41. b3 axb3 42. axb3 Ra8 43. g6 Rg8 44. Rg5 1-0

[Event "Liga CS Jug 2017"]
[Site "Vlasotince"]
[Date "2017.10.13"]
[Round "8.5"]
[White "MARJANOVIC, Zvezdan"]
[Black "OBRENOVIC, Mihailo"]
[Result "1/2-1/2"]
[WhiteElo "1980"]
[BlackElo "2045"]
[PlyCount "40"]
[EventDate "2017.09.03"]

1. c4 c6 2. e4 d5 3. exd5 cxd5 4. cxd5 Nf6 5. Bb5+ Bd7 6. Bxd7+ Qxd7 7. Nf3
Nxd5 8. O-O Nc6 9. Nc3 e6 10. Qb3 Na5 11. Qd1 Be7 12. Ne5 Qd6 13. Qa4+ Nc6 14.
Nxc6 Qxc6 15. Qxc6+ bxc6 16. Nxd5 cxd5 17. d4 Kd8 18. Be3 Rg8 19. Rfc1 Rb8 20.
Rc8+ Rxc8 1/2-1/2

[Event "Liga CS Jug 2017"]
[Site "Vlasotince"]
[Date "2017.10.13"]
[Round "8.5"]
[White "PETROVIC, Dragan R"]
[Black "JOVANOVIC, Boban"]
[Result "1/2-1/2"]
[WhiteElo "2262"]
[BlackElo "2145"]
[PlyCount "37"]
[EventDate "2017.09.03"]

1. Nf3 Nf6 2. c4 c5 3. e3 g6 4. d4 cxd4 5. exd4 Bg7 6. Nc3 O-O 7. Bg5 d6 8. Be2
Bg4 9. O-O Bxf3 10. Bxf3 Qb6 11. Bc6 bxc6 12. Re1 Re8 13. Re2 Qc7 14. Qa4 e5
15. dxe5 dxe5 16. Rd1 Nfd7 17. Ne4 h6 18. Be3 f5 19. Nd6 1/2-1/2

[Event "Liga CS Jug 2017"]
[Site "Vlasotince"]
[Date "2017.10.13"]
[Round "8.5"]
[White "SAVIC, Aleksandar S   *"]
[Black "STAMENKOVIC, Lazar   ***"]
[Result "1/2-1/2"]
[WhiteElo "1872"]
[BlackElo "1900"]
[PlyCount "40"]
[EventDate "2017.09.03"]

1. e4 g6 2. d4 Bg7 3. Nc3 d6 4. Bc4 Nf6 5. Qe2 Nc6 6. Be3 O-O 7. f3 e5 8. d5
Nd4 9. Qd2 c5 10. a4 Bd7 11. Nge2 Qb6 12. O-O Nxe2+ 13. Bxe2 Qa5 14. Bb5 a6 15.
Be2 Rfe8 16. Nb1 Qxd2 17. Nxd2 b5 18. axb5 axb5 19. Nb3 Nh5 20. g3 f5 1/2-1/2

[Event "Liga CS Jug 2017"]
[Site "Vlasotince"]
[Date "2017.10.13"]
[Round "8.6"]
[White "MARINKOVIC, Vojkan"]
[Black "STOJILJKOVIC, Zivojin"]
[Result "0-1"]
[WhiteElo "2031"]
[BlackElo "1948"]
[PlyCount "47"]
[EventDate "2017.09.03"]

1. e4 e5 2. Nf3 Nc6 3. d4 exd4 4. Nxd4 d6 5. Nxc6 bxc6 6. Bc4 Nf6 7. Nc3 Be7 8.
O-O O-O 9. f3 Bb7 10. Bb5 a5 11. a4 d5 12. e5 Nd7 13. Bf4 Nc5 14. Ne2 Ba6 15.
Re1 Ne6 16. Bg3 Bh4 17. c3 Rb8 18. Rb1 Bxg3 19. Nxg3 Qg5 20. Bc4 Nf4 21. Kh1
Bc8 22. Bb3 Qd8 23. Qd2 Rb6 24. Qd4 {...50mov.} 0-1

[Event "Liga CS Jug 2017"]
[Site "Vlasotince"]
[Date "2017.10.13"]
[Round "8.6"]
[White "MILUTINOVIC, Lazar   ***"]
[Black "SINADINOVIC, Ilija   *"]
[Result "0-1"]
[WhiteElo "1782"]
[BlackElo "1896"]
[PlyCount "64"]
[EventDate "2017.09.03"]

1. c4 Nf6 2. Nc3 c5 3. g3 Nc6 4. Bg2 d6 5. Nf3 e5 6. O-O Be7 7. a3 O-O 8. Rb1
a5 9. Ne1 Bf5 10. d3 Qd7 11. Nc2 Bh3 12. Bg5 Bxg2 13. Kxg2 Ng4 14. Be3 f5 15.
h3 Nf6 16. Bg5 Ne8 17. Bxe7 Nxe7 18. b4 axb4 19. axb4 b6 20. Ne3 Nc7 21. bxc5
bxc5 22. Qb3 f4 23. Nc2 Rf6 24. g4 Rg6 25. f3 h5 26. Kf2 hxg4 27. hxg4 Nc6 28.
Ne4 Re6 29. Na3 Nd4 30. Qb2 Rh6 31. Nc3 Rh2+ 32. Ke1 Rxa3 0-1

[Event "Liga CS Jug 2017"]
[Site "Vlasotince"]
[Date "2017.10.14"]
[Round "9.1"]
[White "STANKOVIC, Dimitrije   ***"]
[Black "MIHAJLOVIC, Aleksandar   ***"]
[Result "1/2-1/2"]
[WhiteElo "1904"]
[BlackElo "1493"]
[PlyCount "21"]
[EventDate "2017.09.03"]

1. e4 d5 2. exd5 Nf6 3. Nc3 Nxd5 4. Nxd5 Qxd5 5. Nf3 Nc6 6. d4 Bg4 7. Be3 O-O-O
8. Be2 f6 9. h3 Bh5 10. c3 a6 11. Qd2 1/2-1/2

[Event "Liga CS Jug 2017"]
[Site "Vlasotince"]
[Date "2017.10.14"]
[Round "9.1"]
[White "STEFANOVIC, Dejan"]
[Black "JOVANOVIC, Dragan"]
[Result "1/2-1/2"]
[WhiteElo "2018"]
[BlackElo "2071"]
[PlyCount "21"]
[EventDate "2017.09.03"]

1. e4 e5 2. Nc3 Nc6 3. Nf3 Nf6 4. Bb5 d6 5. O-O Bd7 6. d3 Be7 7. h3 O-O 8. Be3
a6 9. Ba4 h6 10. Qd2 Re8 11. Nh2 1/2-1/2

[Event "Liga CS Jug 2017"]
[Site "Vlasotince"]
[Date "2017.10.14"]
[Round "9.2"]
[White "DIMITRIJEVIC, Andjela   ***"]
[Black "STANKOVIC, Nikola G   ***"]
[Result "1-0"]
[WhiteElo "1544"]
[BlackElo "1742"]
[PlyCount "165"]
[EventDate "2017.09.03"]

1. e4 c6 2. d4 d5 3. Nd2 dxe4 4. Nxe4 Bf5 5. Nc5 b6 6. Nb3 e6 7. Nf3 h6 8. g3
Nf6 9. Bg2 Bd6 10. O-O Bg4 11. c3 O-O 12. Nbd2 Nbd7 13. Nc4 Bc7 14. a4 Nd5 15.
Qb3 c5 16. Nfe5 Bxe5 17. dxe5 f6 18. exf6 Rxf6 19. Ne3 Nxe3 20. Bxe3 Rc8 21.
Qc4 Bh5 22. f4 Kh8 23. Rf2 Qe7 24. Re1 Rcf8 25. Qa6 Nb8 26. Qc4 Nd7 27. Rd2 e5
28. Bf2 Re6 29. Bd5 Rd6 30. Qa6 Nf6 31. Rxe5 Qd8 32. c4 Bf7 33. Qxa7 Bxd5 34.
cxd5 Nxd5 35. Qa6 Nb4 36. Rxd6 Qxd6 37. Qe2 Rd8 38. Re8+ Rxe8 39. Qxe8+ Kh7 40.
Qe4+ Kh8 41. Qe2 Qd5 42. Be1 Nd3 43. Bc3 Qd7 44. Qe4 Nc1 45. Kg2 Na2 46. Qc4
Nb4 47. b3 Nd5 48. Bd2 Qe6 49. Qd3 Nf6 50. Qd8+ Kh7 51. Qd3+ Kg8 52. Kg1 Kf7
53. Bc3 Nd5 54. Be5 Nb4 55. Qc3 g6 56. Bh8 h5 57. Qg7+ Ke8 58. Qe5 Qxe5 59.
Bxe5 Kd7 60. Kf1 Ke6 61. Ke2 Kf5 62. Kf3 Nd5 63. h3 g5 64. g4+ hxg4+ 65. hxg4+
Ke6 66. Bb8 gxf4 67. Bxf4 Nc3 68. Ke3 Nd5+ 69. Ke4 Nf6+ 70. Kf3 Nd5 71. Bb8 Nf6
72. g5 Nd7 73. Bf4 Kf5 74. Kg3 Nf8 75. Be3 Ng6 76. Bc1 Ne5 77. Kh4 Kg6 78. Bf4
Nf3+ 79. Kg4 Nd4 80. Bc7 Nxb3 81. Bxb6 c4 82. a5 c3 83. a6 1-0

[Event "Liga CS Jug 2017"]
[Site "Vlasotince"]
[Date "2017.10.14"]
[Round "9.2"]
[White "DJORIC, Hadzi Goran"]
[Black "MILUTINOVIC, Vladan"]
[Result "1/2-1/2"]
[WhiteElo "2080"]
[BlackElo "2041"]
[PlyCount "55"]
[EventDate "2017.09.03"]

1. d4 Nf6 2. Nf3 d5 3. Bf4 c6 4. c3 Bf5 5. e3 e6 6. Bd3 Qb6 7. Bxf5 exf5 8. Qb3
Nbd7 9. Nbd2 Be7 10. Ne5 Nxe5 11. Bxe5 O-O 12. Bxf6 Bxf6 13. O-O Rfe8 14. Rfe1
Re7 15. Rac1 Rae8 16. g3 Qd8 17. Qc2 g6 18. Red1 Qd7 19. c4 g5 20. cxd5 cxd5
21. Nb3 f4 22. Nc5 Qh3 23. exf4 Re2 24. Qc3 Rxf2 25. Kxf2 Qxh2+ 26. Kf1 Qh1+
27. Kf2 Qh2+ 28. Kf1 1/2-1/2

[Event "Liga CS Jug 2017"]
[Site "Vlasotince"]
[Date "2017.10.14"]
[Round "9.2"]
[White "KNEZEVIC, Milija"]
[Black "ANDJELKOVIC, Danijela   *"]
[Result "1-0"]
[WhiteElo "1696"]
[BlackElo "1581"]
[PlyCount "95"]
[EventDate "2017.09.03"]

1. e4 e5 2. Bc4 Nf6 3. d3 h6 4. h3 Bc5 5. Nf3 Nc6 6. a3 a6 7. Nc3 d6 8. O-O O-O
9. Nd5 Nxd5 10. Bxd5 Qe8 11. Nh4 Be6 12. Ba2 Qe7 13. Nf3 Bxa2 14. Rxa2 Qe6 15.
Ra1 f5 16. exf5 Rxf5 17. Be3 Bxe3 18. fxe3 Raf8 19. e4 R5f6 20. Qe2 Nd4 21.
Nxd4 exd4 22. Rxf6 Rxf6 23. Rf1 Rg6 24. Qf3 Rf6 25. Qe2 Rxf1+ 26. Qxf1 Qa2 27.
Qc1 Qe6 28. Qf4 Qe5 29. Qf5 Qc5 30. Qxc5 dxc5 31. Kf2 b5 32. Ke2 Kf7 33. Kd2 c4
34. g3 Ke6 35. b3 Ke5 36. Ke2 c5 37. b4 g6 38. bxc5 a5 39. Kd2 h5 40. c3 dxc3+
41. Kxc3 cxd3 42. Kxd3 Ke6 43. Kd4 Kd7 44. Kd5 a4 45. c6+ Kc7 46. Kc5 b4 47.
Kxb4 Kxc6 48. Kxa4 1-0

[Event "Liga CS Jug 2017"]
[Site "Vlasotince"]
[Date "2017.10.14"]
[Round "9.2"]
[White "MITROVIC, Mikica"]
[Black "VASIC, Zarko"]
[Result "1/2-1/2"]
[WhiteElo "1963"]
[BlackElo "2006"]
[PlyCount "25"]
[EventDate "2017.09.03"]

1. Nf3 g6 2. g3 Bg7 3. Bg2 Nf6 4. O-O O-O 5. c4 c5 6. Nc3 Nc6 7. d4 cxd4 8.
Nxd4 Ng4 9. Nf3 d6 10. e4 a6 11. Bf4 Nce5 12. Nxe5 Nxe5 13. Qe2 1/2-1/2

[Event "Liga CS Jug 2017"]
[Site "Vlasotince"]
[Date "2017.10.14"]
[Round "9.2"]
[White "SAVIC, Ivan"]
[Black "DJOKOVIC, Nenad"]
[Result "1/2-1/2"]
[WhiteElo "1927"]
[BlackElo "1985"]
[PlyCount "34"]
[EventDate "2017.09.03"]

1. e4 e6 2. d4 d5 3. exd5 exd5 4. Nf3 Nf6 5. Bd3 Bd6 6. Bg5 O-O 7. O-O Bg4 8.
h3 Bh5 9. Nbd2 Nbd7 10. c3 c6 11. Re1 Qc7 12. b4 Rfe8 13. Qc2 Bg6 14. a3 Bxd3
15. Qxd3 h6 16. Bxf6 Nxf6 17. Qf5 Qd7 1/2-1/2